000 00622nam a2200205 i 4500
001 44600
003 ES-MaACL
005 20230906161048.0
007 t|
008 030321s1971 sp ||||1| spa d
100 1 _aClerq, Bertrand J. de.
_939235
245 1 0 _aReligión, ideología y política /
_cBertrand J. de Clerq ; [tradujo: César Hiniesto].
260 _aSalamanca :
_bSígueme,
_c1971.
300 _a142 p. ;
_c20 cm.
490 1 _aSéptimo sello ;
_v6
700 1 _aHiniesto, César.
_963760
830 0 _aSéptimo sello ;
_v6
_9181767
852 _aES-MaACL
_jC-39779
_bR.76460
999 _c44600
_d44600